Segundo Congreso Nacional de Arquitectos. (Record no. 46531)

MARC details
000 -LEADER
campo de control de longitud fija 00443nam a2200145 i 4500
001 - NÚMERO DE CONTROL
campo de control 46531
003 - IDENTIFICADOR DE NÚMERO DE CONTROL
campo de control ES-MaACL
007 - CAMPO FIJO DE DESCRIPCIÓN FÍSICA--INFORMACIÓN GENERAL
campo de control de longitud fija t|
008 - DATOS DE LONGITUD FIJA--INFORMACIÓN GENERAL
campo de control de longitud fija 030331s1889 sp ||||1| spa d
111 2# - ENTRADA PRINCIPAL--NOMBRE DE CONGRESO/REUNIÓN
Nombre de congreso/reunión o jurisdicción como elemento de entrada Congreso Nacional de Arquitectos (
Número del congreso/reunión o número de parte o sección 2º.
Fecha del congreso o de la firma del tratado 1889.
Sede del congreso/Lugar de la reunión Barcelona)
9 (RLIN) 520
245 10 - MENCIÓN DEL TÍTULO
Título Segundo Congreso Nacional de Arquitectos.
260 ## - PUBLICACIÓN, DISTRIBUCIÓN, ETC.
Lugar de publicación, distribución, etc. Barcelona :
Nombre del editor, distribuidor, etc. [s.n.,
Fecha de publicación, distribución, etc. 1889] (
Fabricante Est. Tip. "La Academia")
300 ## - DESCRIPCIÓN FÍSICA
Extensión 447 p. ;
Dimensiones 25 cm.
852 ## - LOCALIZACIÓN
Ubicación ES-MaACL
Número de control de estantería G-1151
Holdings
Estatus retirado Estado de pérdida Estado de daño No para préstamo Colección Biblioteca de origen Biblioteca actual Ubicación en estantería Fecha de adquisición Fuente de adquisición Total de préstamos Signatura topográfica completa Código de barras Visto por última vez Precio de reemplazo Tipo de ítem Koha
        Libros del s. XIX Biblioteca del Ateneo de Madrid Biblioteca del Ateneo de Madrid Depósito 2 17/01/2008     G-1151 1048935 23/02/2023 23/02/2023 Libro impreso antiguo